Online Public Access Catalog -OPAC

The Biology of Mental Defect (Record no. 2629)

MARC details
000 -LEADER
fixed length control field 00474nam a2200133Ia 4500
008 - FIXED-LENGTH DATA ELEMENTS--GENERAL INFORMATION
fixed length control field 180412s9999||||xx |||||||||||||| ||und||
020 ## - INTERNATIONAL STANDARD BOOK NUMBER
International Standard Book Number 283352655
040 ## - CATALOGING SOURCE
Original cataloging agency Ahmadu Bello University Library - Zaria
100 ## - MAIN ENTRY--PERSONAL NAME
Personal name Penrose, L.S.
245 #4 - TITLE STATEMENT
Title The Biology of Mental Defect
Statement of responsibility, etc. by L.S. Penrose with a preface by J.B.S. Haldene
260 ## - PUBLICATION, DISTRIBUTION, ETC.
Place of publication, distribution, etc. London
Name of publisher, distributor, etc. Sidgwick & Jackson
Date of publication, distribution, etc. 1972
300 ## - PHYSICAL DESCRIPTION
Extent xx, 416p.: ill., diagr., table
500 ## - GENERAL NOTE
General note Include bibliographical references and index
700 ## - ADDED ENTRY--PERSONAL NAME
Personal name Haldane J.B.S.

No items available.

Customized by ICT Technical Service Unit on 29th Dec 2022

Kashim Ibrahim Library